Outlines of physical geology

Physical Geology can help. This guide not only helps you understand how glaciation, running water, weathering, and erosion have formed the landscapes we see today. This book an invaluable reference for those who want to understand complex processes deep inside the earth like plate tectonics, volcan...

Description complète

Enregistré dans:
Détails bibliographiques
Auteur principal: Longwell, Chester R.
Format: Livre
Langue:Undetermined
Publié: New York,London J. Wiley & sons, inc.,Chapman & Hall, limited 1941
Sujets:
Tags: Ajouter un tag
Pas de tags, Soyez le premier à ajouter un tag!
Thư viện lưu trữ: Trung tâm Học liệu Trường Đại học Cần Thơ
LEADER 00935nam a2200205Ia 4500
001 CTU_222273
008 210402s9999 xx 000 0 und d
082 |a 551 
082 |b L859 
100 |a Longwell, Chester R. 
245 0 |a Outlines of physical geology 
245 0 |c Chester R. Longwell, Adolph Knopf, Richard F. Flint 
260 |a New York,London 
260 |b J. Wiley & sons, inc.,Chapman & Hall, limited 
260 |c 1941 
520 |a Physical Geology can help. This guide not only helps you understand how glaciation, running water, weathering, and erosion have formed the landscapes we see today. This book an invaluable reference for those who want to understand complex processes deep inside the earth like plate tectonics, volcanic activity, and mountain-building. 
650 |a Geology,Địa chất 
904 |i Kim Tuyến 
910 |a Qhieu 
980 |a Trung tâm Học liệu Trường Đại học Cần Thơ